Геофизические поля восточной части Северо-Азиатского кратона

Bibliografische gegevens
Hoofdauteur: Стогний Г. А. Галина Александровна
Coauteurs: Якутский государственный университет, Российская академия наук (РАН) Сибирское отделение (СО) Институт геологии алмаза и благородных металлов (ИГАБМ)
Andere auteurs: Стогний В. В. Валерий Васильевич
Samenvatting:Охарактеризованы разночастотные составляющие гравитационного и магнитного полей восточной части Северо-Азиатского кратона. Показаны геофизические критерии отражения тектонических и магматических элементов раннедокембриискои земной коры. Рассмотрены глубинные особенности строения литосферы Алдано-Станового щита и Верхояно-Колымской орогенной области, а также предложены модели их тектонической эволюции и формирования сейсмичности. Проведен анализ геофизических полей как критериев благороднометалльного оруденения. Для геологов и геофизиков, занимающихся проблемами геологии, тектоники и металлогении Северо-Востока России.
Taal:Russisch
Gepubliceerd in: Якутск, Сахаполиграфиздат, 2005
Onderwerpen:
Formaat: Boek
KOHA link:https://koha.lib.tpu.ru/cgi-bin/koha/opac-detail.pl?biblionumber=64511

MARC

LEADER 00000nam0a2200000 4500
001 64511
005 20231031065704.0
010 |a 5471002520 
035 |a (RuTPU)RU\TPU\book\68459 
090 |a 64511 
100 |a 20040601d2005 k y0rusy50 ca 
101 0 |a rus 
102 |a RU 
105 |a ab z 001zy 
200 1 |a Геофизические поля восточной части Северо-Азиатского кратона  |f Г. А. Стогний, В. В. Стогний  |g Сибирское отделение РАН; Институт геологии алмаза и благородных металлов; Якутский государственный университет 
210 |a Якутск  |c Сахаполиграфиздат  |d 2005 
215 |a 174 с.  |c ил., карта 
320 |a Библиография в конце книги. 
330 |a Охарактеризованы разночастотные составляющие гравитационного и магнитного полей восточной части Северо-Азиатского кратона. Показаны геофизические критерии отражения тектонических и магматических элементов раннедокембриискои земной коры. Рассмотрены глубинные особенности строения литосферы Алдано-Станового щита и Верхояно-Колымской орогенной области, а также предложены модели их тектонической эволюции и формирования сейсмичности. Проведен анализ геофизических полей как критериев благороднометалльного оруденения. Для геологов и геофизиков, занимающихся проблемами геологии, тектоники и металлогении Северо-Востока России. 
610 1 |a геофизика 
610 1 |a геофизические поля 
610 1 |a Якутия 
610 1 |a Северо-Азиатский кратон 
610 1 |a гравитационные поля 
610 1 |a магнитные поля 
610 1 |a тепловые поля 
610 1 |a магматические элементы 
610 1 |a литосфера 
610 1 |a сейсмотектонические процессы 
610 1 |a благороднометалльное оруденение 
610 1 |a Алдано-Становой щит 
610 1 |a Верхояно-Колымская орогенная область 
675 |a 550.3(571.56)  |v 3 
700 1 |a Стогний  |b Г. А.  |g Галина Александровна 
701 1 |a Стогний  |b В. В.  |g Валерий Васильевич 
712 0 2 |a Якутский государственный университет  |2 stltpush  |3 (RuTPU)RU\TPU\col\392 
712 0 2 |a Российская академия наук (РАН)  |b Сибирское отделение (СО)  |b Институт геологии алмаза и благородных металлов (ИГАБМ)  |c (Якутск)  |2 stltpush  |3 (RuTPU)RU\TPU\col\2361 
801 1 |a RU  |b 63413507  |c 20040601  |g PSBO 
801 2 |a RU  |b 63413507  |c 20121221  |g PSBO 
942 |c BK